000
00325 a2200145 4500
001
148644
040
_c
Escola São Tomás de Aquino
240
1
0
_a
O Leão e o camundongo
_l
por
245
1
0
_a
O Leão e o camundongo
300
_a
24
362
0
_a
1999
440
1
_a
Todolivro
697
_a
*LITERATURA INFANTO
942
_c
BK
999
_c
148644
_d
148644